Normal view
MARC view
- Six sigma (Quality control standard)
Entry Topical Term
001 - CONTROL NUMBER
- control field: 24302
003 - CONTROL NUMBER IDENTIFIER
- control field: NUST
005 - DATE AND TIME OF LATEST TRANSACTION
- control field: 20191018101223.0
008 - FIXED-LENGTH DATA ELEMENTS
- fixed length control field: 191018|| aca||aabn | a|a d
040 ## - CATALOGING SOURCE
- Original cataloging agency: NUST
- Transcribing agency: NUST
150 ## - HEADING--TOPICAL TERM
- Topical term or geographic name entry element: Six sigma (Quality control standard)
670 ## - SOURCE DATA FOUND
- Source citation: Work cat.: (NUST)0: Chowdhury, Subir. 24300, The power of Six Sigma :, c2001.
